000 00875cab a2200241 4500
001 W4307
008 090401t1993 xxu||||| |||| 00| 0 eng d
035 _a(Sirsi) u66456
041 _aeng
245 _aCovenants
260 _c1993
350 _a0
490 _aEstates Gazette Case Summaries
_v1993 EGCS 31(2) 27/2/93
520 _aIn "Emile Elias & Co Ltd v Pine Groves Ltd", Judicial Committee of the Privy Council, upheld the Court decisions in Trinidad and Tobago rejecting the appellants` claim that restrictive covenants were mutually enforceable among the owners of the plots by reasons of a building scheme made in 1938.
650 _aMUTUALLY ENFORCEABLE
650 _aRESTRICTIVE COVENANTS
650 _aSALE OF LAND
650 _aTOBAGO
650 _aTRINIDAD
690 _aPROPERTY LAW AND PRACTICE-CASE LAW
942 _n0
948 _c04/03/1997
999 _c41518
_d41518